Zmeny v Zákonníku práce účinné od 1.1.2013

Novela Zákonníka práce č. 361/2012 Z. z., ktorá je účinná od 1.1.2013 v 108 novelizačných bodoch mení viaceré ustanovenia Zákonníka práce, zavádza nové inštitúty alebo prvky alebo mení tie existujúce. Zmeny, ktorých sa táto novelizácia dotýka.

Saved in:
Bibliographic Details
Main Author: Toman, Jozef
Format: Book Chapter
Language:Slovak
Subjects:
Tags: Add Tag
No Tags, Be the first to tag this record!

MARC

LEADER 00000naa a2200000 4500
001 0163513
005 20240315071849.6
041 0 |a slo 
044 |a SK 
245 1 0 |a Zmeny v Zákonníku práce účinné od 1.1.2013  |c Jozef Toman 
520 |a Novela Zákonníka práce č. 361/2012 Z. z., ktorá je účinná od 1.1.2013 v 108 novelizačných bodoch mení viaceré ustanovenia Zákonníka práce, zavádza nové inštitúty alebo prvky alebo mení tie existujúce. Zmeny, ktorých sa táto novelizácia dotýka. 
610 2 0 |a novelizácia 
610 2 0 |a zákonník práce 
610 2 0 |a zákony 
100 1 |a Toman, Jozef